UM Logo

Open-circuit fault diagnosis method for grid-connected bidirectional t-type converter based on geometric similarity measurement / (Record no. 21615)

MARC details
000 -LEADER
fixed length control field 00974nam a22002297a 4500
003 - CONTROL NUMBER IDENTIFIER
control field OSt
005 - DATE AND TIME OF LATEST TRANSACTION
control field 20250411091919.0
008 - FIXED-LENGTH DATA ELEMENTS--GENERAL INFORMATION
fixed length control field 240913b ||||| |||| 00| 0 eng d
040 ## - CATALOGING SOURCE
Transcribing agency 0
082 ## - DEWEY DECIMAL CLASSIFICATION NUMBER
Classification number DPer 621.317 Ie21 December 2022 v.37 n. 12 part 1&2.
100 ## - MAIN ENTRY--PERSONAL NAME
Personal name Wu, Zhixi.
Relator term author.
9 (RLIN) 60990
245 ## - TITLE STATEMENT
Title Open-circuit fault diagnosis method for grid-connected bidirectional t-type converter based on geometric similarity measurement /
Statement of responsibility, etc. Zhixi Wu and Jin Zhao.
260 ## - PUBLICATION, DISTRIBUTION, ETC. (IMPRINT)
Place of publication, distribution, etc. New York ;
Name of publisher, distributor, etc. The Institute of Electrical and Electronics Engineers, Inc.,
Date of publication, distribution, etc. December 2022.
300 ## - PHYSICAL DESCRIPTION
Extent 0volume 37, pages 15571-15582,
Other physical details illustration.
500 ## - GENERAL NOTE
General note IEEE Transactions on Power Electronics, v. 37 n. 12, pages 15571-15582, December 2022.
650 #0 - SUBJECT ADDED ENTRY--TOPICAL TERM
Topical term or geographic name as entry element Contour similarity.
9 (RLIN) 66317
650 #0 - SUBJECT ADDED ENTRY--TOPICAL TERM
Topical term or geographic name as entry element open-circuit diagnosis.
9 (RLIN) 66318
650 #0 - SUBJECT ADDED ENTRY--TOPICAL TERM
Topical term or geographic name as entry element vector triangle area.
9 (RLIN) 66319
700 ## - ADDED ENTRY--PERSONAL NAME
Personal name Wu, Zhixi.
Relator term author.
9 (RLIN) 60990
700 ## - ADDED ENTRY--PERSONAL NAME
Personal name Zhao, Jin.
Relator term author.
9 (RLIN) 60910
942 ## - ADDED ENTRY ELEMENTS (KOHA)
Source of classification or shelving scheme Dewey Decimal Classification
Koha item type Periodicals
Holdings
Withdrawn status Lost status Source of classification or shelving scheme Damaged status Not for loan Collection code Home library Current library Date acquired Total Checkouts Full call number Date last seen Price effective from Koha item type Public note
    Dewey Decimal Classification     Periodicals UM Digos College - LIC UM Digos College - LIC 09/13/2024   DPer 621.317 Ie21 December 2022 v.37 n. 12 part 1&2. 09/13/2024 09/13/2024 Periodicals Periodical Article